[Event "Moscow Aeroflot op-A"]
[Site "Moscow"]
[Date "2020.02.20"]
[Round "2"]
[White "Iljiushenok, Ilia"]
[Black "Paravyan, David"]
[Result "0-1"]
[WhiteElo "2519"]
[BlackElo "2629"]
[PlyCount "102"]
[EventDate "2020.02.19"]
[EventType "swiss"]
[EventRounds "9"]
[EventCountry "RUS"]
[SourceTitle "CBM 195"]
[Source "ChessBase"]
[SourceDate "2020.04.30"]
[SourceVersion "1"]
[SourceVersionDate "2020.04.30"]
[SourceQuality "1"]

1. e4 e5 2. Nf3 Nc6 3. Bb5 Nf6 4. d3 Bc5 5. Bxc6 dxc6 6. Nbd2 Nd7 7. Nc4 f6 8.
Qe2 Nf8 9. Be3 Bxe3 10. Qxe3 Be6 11. Ncd2 Qd6 12. d4 exd4 13. Nxd4 O-O-O 14.
N4b3 b6 15. O-O-O Ng6 16. g3 c5 17. Nb1 Qc6 18. Nc3 a5 19. Qe2 Kb7 20. f4 a4
21. Nd2 Rhe8 22. a3 Nf8 23. Nc4 Bf7 24. Rxd8 Rxd8 25. Rd1 Rxd1+ 26. Nxd1 Ne6
27. Qd3 Nd4 28. Nd2 Qd7 29. Nf2 Qe6 30. c3 Nc6 31. Nd1 g5 32. Ne3 gxf4 33. gxf4
Qh3 34. Qe2 Qh4 35. Nd5 f5 36. Nf3 Qg4 37. Qe3 Bh5 38. exf5 Qxf3 39. Qxf3 Bxf3
40. Nf6 Ne7 41. Nxh7 Nxf5 42. Ng5 Bd5 43. Kd2 Kc6 44. Nh3 Kd7 45. Nf2 Ke6 46.
Ng4 Nd6 47. h4 Nc4+ 48. Kc1 Kf5 49. Nf2 Kxf4 50. h5 Kg5 51. Nd3 c6 0-1

[Event "Moscow Aeroflot op-A"]
[Site "Moscow"]
[Date "2020.02.20"]
[Round "2"]
[White "Indjic, Aleksandar"]
[Black "Gadimbayli, Abdulla Azar"]
[Result "1/2-1/2"]
[WhiteElo "2622"]
[BlackElo "2460"]
[PlyCount "120"]
[EventDate "2020.02.19"]
[EventType "swiss"]
[EventRounds "9"]
[EventCountry "RUS"]
[SourceTitle "CBM 195"]
[Source "ChessBase"]
[SourceDate "2020.04.30"]
[SourceVersion "1"]
[SourceVersionDate "2020.04.30"]
[SourceQuality "1"]

1. d4 Nf6 2. c4 e6 3. Nf3 b6 4. g3 Bb7 5. Bg2 g6 6. O-O Bg7 7. Nc3 O-O 8. d5
exd5 9. cxd5 c6 10. e4 Re8 11. Nd4 Na6 12. dxc6 dxc6 13. e5 Nd5 14. f4 c5 15.
Nxd5 Bxd5 16. Nc6 Bxc6 17. Bxc6 Qxd1 18. Rxd1 Red8 19. Bd2 Rab8 20. a3 Nc7 21.
Bc3 Ne6 22. Kf2 Nd4 23. Bxd4 Rxd4 24. Rxd4 cxd4 25. Ke2 Rc8 26. Ba4 Kf8 27. Kd3
f6 28. exf6 Bxf6 29. Re1 Kg7 30. Bb3 h6 31. Re6 Rc7 32. Rd6 Be7 33. Rd5 Bf6 34.
Rd6 Be7 35. Re6 Bf6 36. Bd5 Re7 37. Rc6 Re3+ 38. Kd2 g5 39. Rc7+ Kg6 40. Rxa7
gxf4 41. gxf4 Kf5 42. Rb7 Kxf4 43. Rxb6 Bg5 44. h4 Bxh4 45. Bc4 Bg5 46. Bd3 h5
47. Rb4 Re7 48. Bg6 h4 49. Rxd4+ Ke5+ 50. Kd3 Re6 51. Re4+ Kd6 52. Rxe6+ Kxe6
53. b4 Kd6 54. Kc4 Kc7 55. Kb5 Bc1 56. a4 Bd2 57. Be4 h3 58. a5 h2 59. Ka4 Be1
60. b5 Bf2 1/2-1/2

[Event "Moscow Aeroflot op-A"]
[Site "Moscow"]
[Date "2020.02.20"]
[Round "2"]
[White "Ivic, Velimir"]
[Black "Murzin, Volodar"]
[Result "1/2-1/2"]
[WhiteElo "2558"]
[BlackElo "2442"]
[PlyCount "61"]
[EventDate "2020.02.19"]
[EventType "swiss"]
[EventRounds "9"]
[EventCountry "RUS"]
[SourceTitle "CBM 195"]
[Source "ChessBase"]
[SourceDate "2020.04.30"]
[SourceVersion "1"]
[SourceVersionDate "2020.04.30"]
[SourceQuality "1"]

1. e4 e5 2. Nf3 Nc6 3. Bb5 a6 4. Ba4 Nf6 5. O-O Nxe4 6. d4 Be7 7. Re1 b5 8.
Rxe4 d5 9. Nxe5 Nxe5 10. Rxe5 bxa4 11. Qe2 Be6 12. f4 Kf8 13. Nc3 Bd6 14. Nxa4
Qf6 15. Be3 Bxe5 16. dxe5 Qg6 17. Nc5 Kg8 18. c3 h5 19. a4 Bf5 20. a5 h4 21. b4
Qh5 22. Qd2 c6 23. h3 Rh6 24. Kh2 Rg6 25. Bf2 Rh6 26. Re1 Kh7 27. Be3 Rg6 28.
Bf2 Rh6 29. Be3 Rg6 30. Bf2 Rh6 31. Be3 1/2-1/2

[Event "Moscow Aeroflot op-A"]
[Site "Moscow"]
[Date "2020.02.20"]
[Round "2"]
[White "Jobava, Baadur"]
[Black "Kozionov, Kirill"]
[Result "1-0"]
[WhiteElo "2620"]
[BlackElo "2466"]
[PlyCount "65"]
[EventDate "2020.02.19"]
[EventType "swiss"]
[EventRounds "9"]
[EventCountry "RUS"]
[SourceTitle "CBM 195"]
[Source "ChessBase"]
[SourceDate "2020.04.30"]
[SourceVersion "1"]
[SourceVersionDate "2020.04.30"]
[SourceQuality "1"]

1. d4 Nf6 2. c4 g6 3. Nc3 Bg7 4. g3 O-O 5. Bg2 d6 6. Nf3 Nc6 7. d5 Na5 8. b3 a6
9. O-O Rb8 10. Nd4 Bd7 11. Bg5 b5 12. cxb5 axb5 13. b4 Nc4 14. Qc1 Ng4 15.
Ncxb5 Bxb5 16. Nxb5 Bxa1 17. Qxc4 Bf6 18. Bxf6 Nxf6 19. Bh3 Rb7 20. a4 Qa8 21.
Nc3 Rfb8 22. Rb1 Qa7 23. e3 Ra8 24. a5 Qa6 25. Qxa6 Rxa6 26. Bc8 Rba7 27. Bxa6
Rxa6 28. e4 Ra8 29. Nb5 Ne8 30. Rc1 Rb8 31. a6 Ra8 32. a7 Kf8 33. Kg2 1-0

[Event "Moscow Aeroflot op-A"]
[Site "Moscow"]
[Date "2020.02.20"]
[Round "2"]
[White "Kobalia, Mihail"]
[Black "Pogosyan, Stefan"]
[Result "1-0"]
[WhiteElo "2609"]
[BlackElo "2455"]
[PlyCount "87"]
[EventDate "2020.02.19"]
[EventType "swiss"]
[EventRounds "9"]
[EventCountry "RUS"]
[SourceTitle "CBM 195"]
[Source "ChessBase"]
[SourceDate "2020.04.30"]
[SourceVersion "1"]
[SourceVersionDate "2020.04.30"]
[SourceQuality "1"]

1. e4 e5 2. Nf3 Nc6 3. Bb5 a6 4. Ba4 Nf6 5. O-O Be7 6. Re1 b5 7. Bb3 d6 8. a4
Bb7 9. d3 O-O 10. Nbd2 Re8 11. Nf1 Bf8 12. Ng3 g6 13. Ng5 Re7 14. f4 Bg7 15. f5
d5 16. Be3 dxe4 17. N5xe4 Nd4 18. Bg5 Nxb3 19. Bxf6 Bxe4 20. Nxe4 Bxf6 21.
Nxf6+ Kg7 22. cxb3 Kxf6 23. Rf1 gxf5 24. Qh5 Kg7 25. Qg5+ Kf8 26. Qxf5 Qd4+ 27.
Kh1 e4 28. dxe4 Qxe4 29. Qf6 Qe5 30. Qc6 Rb8 31. Qxa6 bxa4 32. bxa4 Rxb2 33. a5
Re2 34. Qc8+ Re8 35. Qd7 Re7 36. Qd8+ Re8 37. Qd7 Re7 38. Qd8+ Kg7 39. Qd3 Re3
40. Qd1 Re2 41. a6 Qe4 42. Rg1 c5 43. a7 Re8 44. a8=Q 1-0

[Event "Moscow Aeroflot op-A"]
[Site "Moscow"]
[Date "2020.02.20"]
[Round "2"]
[White "Kozak, Adam"]
[Black "Aravindh, Chithambaram VR"]
[Result "0-1"]
[WhiteElo "2523"]
[BlackElo "2630"]
[PlyCount "88"]
[EventDate "2020.02.19"]
[EventType "swiss"]
[EventRounds "9"]
[EventCountry "RUS"]
[SourceTitle "CBM 195"]
[Source "ChessBase"]
[SourceDate "2020.04.30"]
[SourceVersion "1"]
[SourceVersionDate "2020.04.30"]
[SourceQuality "1"]

1. d4 Nf6 2. c4 g6 3. Nc3 d5 4. Nf3 Bg7 5. h4 c6 6. cxd5 cxd5 7. Bf4 Nc6 8. e3
O-O 9. Qb3 Na5 10. Qb4 Nc6 11. Qb3 b6 12. Rc1 Bb7 13. Be2 Na5 14. Qb4 Rc8 15.
O-O Nc4 16. b3 a5 17. Qa4 Nd6 18. Nb5 Nfe4 19. Nxd6 exd6 20. Bd3 h6 21. Rxc8
Qxc8 22. Qa3 Qd8 23. b4 g5 24. hxg5 hxg5 25. Bh2 f5 26. bxa5 bxa5 27. Rc1 Rf7
28. Bxe4 dxe4 29. Nd2 Bf8 30. Nc4 d5 31. Nd6 Rh7 32. Be5 Qd7 33. Qc5 Qe6 34.
Qb6 Qh6 35. f3 Qh1+ 36. Kf2 Qxc1 37. Nxe4 Qc2+ 38. Kg1 Rh6 39. Nf6+ Kf7 40.
Qxb7+ Kg6 41. Qa6 Qc4 42. Qxc4 dxc4 43. Nd5 Bb4 44. e4 f4 0-1

[Event "Moscow Aeroflot op-A"]
[Site "Moscow"]
[Date "2020.02.20"]
[Round "2"]
[White "Krishna, CRG."]
[Black "Puranik, Abhimanyu Sameer"]
[Result "0-1"]
[WhiteElo "2443"]
[BlackElo "2597"]
[PlyCount "106"]
[EventDate "2020.02.19"]
[EventType "swiss"]
[EventRounds "9"]
[EventCountry "RUS"]
[SourceTitle "CBM 195"]
[Source "ChessBase"]
[SourceDate "2020.04.30"]
[SourceVersion "1"]
[SourceVersionDate "2020.04.30"]
[SourceQuality "1"]

1. Nf3 Nf6 2. g3 g6 3. Bg2 Bg7 4. O-O O-O 5. c4 c5 6. d4 cxd4 7. Nxd4 Nc6 8.
Nc3 Qa5 9. Nb3 Qh5 10. Nd5 d6 11. Nf4 Qf5 12. Re1 Qd7 13. Bd2 b6 14. Bc3 e6 15.
Nd2 Bb7 16. Qa4 Rac8 17. Rad1 Qc7 18. b3 Rfd8 19. Qa3 a6 20. Qb2 e5 21. Nd5
Nxd5 22. Bxd5 b5 23. Ne4 Nd4 24. Qd2 Bxd5 25. cxd5 Qb7 26. Bxd4 exd4 27. Ng5
Bh6 28. Qf4 Qxd5 29. h4 Bg7 30. e4 Qb7 31. Nf3 Rc2 32. Rd2 Rxd2 33. Qxd2 Re8
34. Qd3 h5 35. Re2 Qb6 36. Rd2 Qc6 37. Nxd4 Bxd4 38. Qxd4 Rxe4 39. Qd5 Re1+ 40.
Kg2 Rc1 41. Qxc6 Rxc6 42. f3 Kf8 43. g4 Ke7 44. Kg3 Rc5 45. Kf4 f6 46. Re2+ Re5
47. Rc2 Kd7 48. Rg2 g5+ 49. Kg3 gxh4+ 50. Kxh4 hxg4 51. fxg4 d5 52. Rf2 Ke6 53.
Kg3 d4 0-1

[Event "Moscow Aeroflot op-A"]
[Site "Moscow"]
[Date "2020.02.20"]
[Round "2"]
[White "Kunin, Vitaly L"]
[Black "Shubin, Kirill"]
[Result "1-0"]
[WhiteElo "2550"]
[BlackElo "2427"]
[PlyCount "77"]
[EventDate "2020.02.19"]
[EventType "swiss"]
[EventRounds "9"]
[EventCountry "RUS"]
[SourceTitle "CBM 195"]
[Source "ChessBase"]
[SourceDate "2020.04.30"]
[SourceVersion "1"]
[SourceVersionDate "2020.04.30"]
[SourceQuality "1"]

1. Nf3 Nf6 2. c4 e6 3. g3 b6 4. Bg2 Bb7 5. O-O Be7 6. Nc3 O-O 7. Re1 d5 8. cxd5
Nxd5 9. e4 Nxc3 10. bxc3 c5 11. d4 cxd4 12. cxd4 Nd7 13. Bb2 Nf6 14. Qd3 Re8
15. Rad1 Bb4 16. Nd2 a5 17. a3 Bf8 18. Nf1 Ba6 19. Qb1 b5 20. Ne3 b4 21. d5 e5
22. d6 Ra7 23. axb4 axb4 24. f4 exf4 25. gxf4 Nh5 26. Be5 Rd7 27. Bf3 Nf6 28.
Qxb4 Re6 29. Bxf6 gxf6 30. Nf5 Bxd6 31. Qb2 Kh8 32. Kh1 Qf8 33. Rg1 Bb7 34. Rg2
Ba3 35. Rxd7 Bxb2 36. Nh6 Bxe4 37. Bxe4 Rxe4 38. Nxf7+ Qxf7 39. Rxf7 1-0

[Event "Moscow Aeroflot op-A"]
[Site "Moscow"]
[Date "2020.02.20"]
[Round "2"]
[White "Lobanov, Sergei"]
[Black "Deac, Bogdan Daniel"]
[Result "0-1"]
[WhiteElo "2507"]
[BlackElo "2626"]
[PlyCount "86"]
[EventDate "2020.02.19"]
[EventType "swiss"]
[EventRounds "9"]
[EventCountry "RUS"]
[SourceTitle "CBM 195"]
[Source "ChessBase"]
[SourceDate "2020.04.30"]
[SourceVersion "1"]
[SourceVersionDate "2020.04.30"]
[SourceQuality "1"]

1. e4 e5 2. Nf3 Nc6 3. Bb5 Nf6 4. O-O Nxe4 5. Re1 Nd6 6. Nxe5 Be7 7. Bf1 Nxe5
8. Rxe5 O-O 9. d4 Bf6 10. Re1 Re8 11. Rxe8+ Nxe8 12. d5 d6 13. Bd3 c6 14. dxc6
bxc6 15. Nd2 d5 16. Nb3 Qd6 17. Qf3 Be5 18. h3 Nc7 19. c3 c5 20. Bf1 Rb8 21.
Be3 c4 22. Bxa7 Rb7 23. Bc5 Qf6 24. Nd4 Rxb2 25. Qe3 Qf4 26. Qxf4 Bxf4 27. Ba3
Rb7 28. Bb4 Bd7 29. g3 Be5 30. Nf3 Bf6 31. Rc1 Ra7 32. a3 Nb5 33. Bc5 Ra5 34.
Bb4 Ra4 35. Bg2 Be6 36. Nd2 Nxa3 37. f4 d4 38. Be4 dxc3 39. Bxc3 Bxc3 40. Rxc3
Nb5 41. Re3 g6 42. Kf2 Bxh3 43. Bc6 Ra2 0-1

[Event "Moscow Aeroflot op-A"]
[Site "Moscow"]
[Date "2020.02.20"]
[Round "2"]
[White "Makarian, Rudik"]
[Black "Jumabayev, Rinat"]
[Result "1/2-1/2"]
[WhiteElo "2414"]
[BlackElo "2646"]
[PlyCount "105"]
[EventDate "2020.02.19"]
[EventType "swiss"]
[EventRounds "9"]
[EventCountry "RUS"]
[SourceTitle "CBM 195"]
[Source "ChessBase"]
[SourceDate "2020.04.30"]
[SourceVersion "1"]
[SourceVersionDate "2020.04.30"]
[SourceQuality "1"]

1. d4 d5 2. c4 e6 3. Nf3 Nf6 4. g3 dxc4 5. Bg2 a6 6. O-O Nc6 7. Nbd2 Nxd4 8.
Nxc4 Nxf3+ 9. Bxf3 Be7 10. Qc2 O-O 11. Rd1 Qe8 12. Bf4 Nd5 13. Bxc7 Qc6 14. Bb6
Bd7 15. Qb3 Qb5 16. Bxd5 exd5 17. Ne3 Qxe2 18. Nxd5 Bc6 19. Re1 Bxd5 20. Qxd5
Qxb2 21. Rab1 Qa3 22. Re3 Qd6 23. Qxd6 Bxd6 24. Rd1 Bb8 25. Rd7 Ba7 26. Rxb7
Bxb6 27. Rxb6 h5 28. Ra3 Rfc8 29. Rbxa6 Rxa6 30. Rxa6 g6 31. Rd6 Rc2 32. a3 Rc3
33. a4 Ra3 34. Rd4 Kg7 35. h4 f6 36. Rd7+ Kh6 37. Ra7 g5 38. Kg2 gxh4 39. gxh4
Kg6 40. Ra5 Rc3 41. f3 Rc4 42. Kg3 Rb4 43. Ra8 Kf5 44. a5 Ra4 45. a6 Ra3 46. a7
Ra2 47. Rh8 Rxa7 48. Rxh5+ Kg6 49. Rb5 Ra1 50. h5+ Kh6 51. Kf4 Rh1 52. Rb6 Rxh5
53. Rxf6+ 1/2-1/2

[Event "Moscow Aeroflot op-A"]
[Site "Moscow"]
[Date "2020.02.20"]
[Round "2"]
[White "Martirosyan, Haik M"]
[Black "Stupak, Kirill"]
[Result "1/2-1/2"]
[WhiteElo "2630"]
[BlackElo "2518"]
[PlyCount "42"]
[EventDate "2020.02.19"]
[EventType "swiss"]
[EventRounds "9"]
[EventCountry "RUS"]
[SourceTitle "CBM 195"]
[Source "ChessBase"]
[SourceDate "2020.04.30"]
[SourceVersion "1"]
[SourceVersionDate "2020.04.30"]
[SourceQuality "1"]

1. e4 e6 2. d4 d5 3. Nd2 c5 4. exd5 exd5 5. Ngf3 Nc6 6. Bb5 Qe7+ 7. Be2 Qc7 8.
dxc5 Bxc5 9. O-O Nf6 10. Nb3 Be7 11. Bg5 O-O 12. c3 Be6 13. Nbd4 Rae8 14. Bd3
Nxd4 15. Nxd4 Ng4 16. g3 Bxg5 17. Nxe6 Rxe6 18. Qxg4 Bf6 19. Qf5 g6 20. Qxd5
Rd8 21. Qf3 Qc6 1/2-1/2

[Event "Moscow Aeroflot op-A"]
[Site "Moscow"]
[Date "2020.02.20"]
[Round "2"]
[White "Moroni, Luca Jr"]
[Black "Riazantsev, Alexander"]
[Result "1/2-1/2"]
[WhiteElo "2536"]
[BlackElo "2639"]
[PlyCount "111"]
[EventDate "2020.02.19"]
[EventType "swiss"]
[EventRounds "9"]
[EventCountry "RUS"]
[SourceTitle "CBM 195"]
[Source "ChessBase"]
[SourceDate "2020.04.30"]
[SourceVersion "1"]
[SourceVersionDate "2020.04.30"]
[SourceQuality "1"]

1. c4 e6 2. Nc3 d5 3. d4 Bb4 4. Nf3 dxc4 5. Bg5 f6 6. Bd2 a6 7. e3 b5 8. a4
Bxc3 9. Bxc3 Qd5 10. Nd2 Bb7 11. axb5 axb5 12. Rxa8 Bxa8 13. b3 cxb3 14. e4 Qb7
15. Qxb3 Kf7 16. Bxb5 Ne7 17. O-O c6 18. Nc4 Nc8 19. Ba4 Qxb3 20. Bxb3 c5 21.
f3 cxd4 22. Bxd4 Rd8 23. Be3 Nc6 24. Bc5 Nd4 25. Rd1 Ne2+ 26. Kf2 Rxd1 27. Bxd1
Nf4 28. Ba3 Bc6 29. g3 Ng6 30. Bb3 Nge7 31. Ke3 Bd7 32. Kd4 Nc6+ 33. Kc5 Nd8
34. Nd6+ Nxd6 35. Kxd6 Ke8 36. f4 Nb7+ 37. Kc7 Na5 38. Ba2 Nc6 39. Bc5 Ne7 40.
g4 Ng6 41. Be3 Ke7 42. f5 exf5 43. gxf5 Ne5 44. Bc5+ Ke8 45. Bd6 Ba4 46. Bxe5
fxe5 47. Kd6 Bc2 48. Bd5 Kf8 49. Kxe5 Ke7 50. Kf4 h6 51. e5 Bd3 52. Be4 Be2 53.
Bf3 Bd3 54. Be4 Be2 55. Kg3 Bd1 56. Kh4 1/2-1/2

[Event "Moscow Aeroflot op-A"]
[Site "Moscow"]
[Date "2020.02.20"]
[Round "2"]
[White "Nikitenko, Mihail"]
[Black "Aleksandrov, Aleksej"]
[Result "0-1"]
[WhiteElo "2440"]
[BlackElo "2592"]
[PlyCount "126"]
[EventDate "2020.02.19"]
[EventType "swiss"]
[EventRounds "9"]
[EventCountry "RUS"]
[SourceTitle "CBM 195"]
[Source "ChessBase"]
[SourceDate "2020.04.30"]
[SourceVersion "1"]
[SourceVersionDate "2020.04.30"]
[SourceQuality "1"]

1. d4 Nf6 2. Bg5 d5 3. Bxf6 exf6 4. e3 c6 5. Bd3 Bd6 6. Nd2 Be6 7. Qf3 g6 8.
Ne2 f5 9. h3 Nd7 10. g4 fxg4 11. hxg4 Qg5 12. Rg1 h5 13. gxh5 Qxh5 14. Nf4 Qxf3
15. Nxf3 Bxf4 16. exf4 Nf6 17. Ng5 Bd7 18. Ke2 Kf8 19. Kf3 Re8 20. a4 a5 21. c3
Re7 22. b4 axb4 23. cxb4 Ng8 24. Rh1 Rxh1 25. Rxh1 f6 26. Bxg6 fxg5 27. fxg5
Rg7 28. Rh7 Ne7 29. Rh8+ Ng8 30. Rh7 Ne7 31. Rh8+ Rg8 32. Rxg8+ Kxg8 33. Bd3
Bf5 34. Bf1 Kf7 35. a5 Ke6 36. Kf4 Kd6 37. Be2 Bc2 38. Bg4 Bb1 39. Bh3 Bc2 40.
Bg4 Ng6+ 41. Kg3 Kc7 42. Bh5 Bf5 43. Bg4 Ne7 44. Bh5 Kd6 45. Kf4 Ke6 46. Be2
Ng6+ 47. Kg3 Ke7 48. Bf1 Nf8 49. Kf4 Bd7 50. Ke3 Ne6 51. f4 Ng7 52. Kd2 Nh5 53.
Ke3 Ng3 54. Bd3 Nf5+ 55. Bxf5 Bxf5 56. Kd2 Kf7 57. Kc3 Kg6 58. b5 cxb5 59. Kb4
Bd7 60. Kc5 Bc6 61. Kb4 Kf5 62. Kc5 Be8 63. Kxd5 Kxf4 0-1

[Event "Moscow Aeroflot op-A"]
[Site "Moscow"]
[Date "2020.02.20"]
[Round "2"]
[White "Praggnanandhaa, Rameshbabu"]
[Black "Sreeshwan, Maralakshikari"]
[Result "1-0"]
[WhiteElo "2602"]
[BlackElo "2440"]
[PlyCount "71"]
[EventDate "2020.02.19"]
[EventType "swiss"]
[EventRounds "9"]
[EventCountry "RUS"]
[SourceTitle "CBM 195"]
[Source "ChessBase"]
[SourceDate "2020.04.30"]
[SourceVersion "1"]
[SourceVersionDate "2020.04.30"]
[SourceQuality "1"]

1. e4 c6 2. Nc3 d5 3. Nf3 Nf6 4. e5 Ne4 5. Ne2 Bg4 6. Nfg1 Nc5 7. d4 Ncd7 8. f3
Bf5 9. g4 Be6 10. Nf4 c5 11. Nxe6 fxe6 12. c3 Nc6 13. f4 g5 14. Nf3 gxf4 15.
Bxf4 cxd4 16. cxd4 Bg7 17. Qd2 O-O 18. Be2 Qb6 19. Be3 Rac8 20. O-O Nb4 21. Bd1
Rf7 22. Kg2 Nf8 23. h4 Ng6 24. h5 Nh8 25. a3 Nc6 26. b4 a5 27. Bc2 Bf8 28. Kh3
axb4 29. Ng5 Rg7 30. Nxe6 b3 31. Bf5 Rf7 32. Ng5 Rxf5 33. gxf5 Na5 34. f6 Nf7
35. Qg2 Rc3 36. Ne4+ 1-0

[Event "Moscow Aeroflot op-A"]
[Site "Moscow"]
[Date "2020.02.20"]
[Round "2"]
[White "Pranesh, M."]
[Black "Savchenko, Boris"]
[Result "1-0"]
[WhiteElo "2425"]
[BlackElo "2573"]
[PlyCount "41"]
[EventDate "2020.02.19"]
[EventType "swiss"]
[EventRounds "9"]
[EventCountry "RUS"]
[SourceTitle "CBM 195"]
[Source "ChessBase"]
[SourceDate "2020.04.30"]
[SourceVersion "1"]
[SourceVersionDate "2020.04.30"]
[SourceQuality "1"]

1. e4 d5 2. exd5 Nf6 3. Nf3 Qxd5 4. Nc3 Qd6 5. d4 c6 6. g3 Bg4 7. Bg2 Qd8 8. h3
Bf5 9. g4 Be6 10. Bf4 h5 11. g5 Nd5 12. Nxd5 Qxd5 13. O-O Qf5 14. Qd2 h4 15.
Rfe1 Nd7 16. d5 cxd5 17. Nd4 Qg6 18. Nb5 Rc8 19. Qa5 b6 20. Qxa7 Qf5 21. Qb7
1-0

[Event "Moscow Aeroflot op-A"]
[Site "Moscow"]
[Date "2020.02.20"]
[Round "2"]
[White "Radovanovic, Mihajlo"]
[Black "Grigoriants, Sergey"]
[Result "1/2-1/2"]
[WhiteElo "2458"]
[BlackElo "2539"]
[PlyCount "74"]
[EventDate "2020.02.19"]
[EventType "swiss"]
[EventRounds "9"]
[EventCountry "RUS"]
[SourceTitle "CBM 195"]
[Source "ChessBase"]
[SourceDate "2020.04.30"]
[SourceVersion "1"]
[SourceVersionDate "2020.04.30"]
[SourceQuality "1"]

1. Nf3 d5 2. d4 Nf6 3. c4 e6 4. Nc3 c5 5. cxd5 Nxd5 6. e4 Nxc3 7. bxc3 cxd4 8.
cxd4 Bb4+ 9. Bd2 Bxd2+ 10. Qxd2 O-O 11. Bc4 Nd7 12. O-O b6 13. Rad1 Bb7 14.
Rfe1 Rc8 15. Bb3 h6 16. h3 Nf6 17. Qf4 Qc7 18. Ne5 Nd7 19. Ba4 Nxe5 20. dxe5
Qc5 21. Re3 Rfd8 22. Rxd8+ Rxd8 23. Rg3 Rc8 24. Kh2 Kf8 25. Bd7 Rc7 26. Bxe6
Re7 27. Bd5 Bxd5 28. exd5 Qxd5 29. Rxg7 Kxg7 30. Qf6+ Kh7 31. Qxe7 Qxa2 32. f4
Qc4 33. Qxa7 Qxf4+ 34. Kh1 Qf1+ 35. Kh2 Qf4+ 36. Kh1 Qf1+ 37. Kh2 Qf4+ 1/2-1/2

[Event "Moscow Aeroflot op-A"]
[Site "Moscow"]
[Date "2020.02.20"]
[Round "2"]
[White "Salgado Lopez, Ivan"]
[Black "Lazavik, Denis"]
[Result "1/2-1/2"]
[WhiteElo "2597"]
[BlackElo "2428"]
[PlyCount "59"]
[EventDate "2020.02.19"]
[EventType "swiss"]
[EventRounds "9"]
[EventCountry "RUS"]
[SourceTitle "CBM 195"]
[Source "ChessBase"]
[SourceDate "2020.04.30"]
[SourceVersion "1"]
[SourceVersionDate "2020.04.30"]
[SourceQuality "1"]

1. e4 e5 2. Bc4 Nf6 3. d3 Bc5 4. Nf3 Nc6 5. c3 d6 6. Nbd2 a6 7. a4 h6 8. b4 Ba7
9. O-O O-O 10. h3 Be6 11. Bxe6 fxe6 12. Re1 Nh5 13. Nf1 Qf6 14. Ra2 Nf4 15.
Bxf4 Qxf4 16. N1h2 Ne7 17. Kh1 Qf6 18. g3 Rf7 19. Kg2 Raf8 20. Rf1 g5 21. Rb2
Qg6 22. a5 Nc6 23. Qb3 Rf6 24. Ng1 h5 25. Qd1 Nd8 26. Ngf3 Nf7 27. b5 axb5 28.
Rxb5 b6 29. axb6 Bxb6 30. Rb2 1/2-1/2

[Event "Moscow Aeroflot op-A"]
[Site "Moscow"]
[Date "2020.02.20"]
[Round "2"]
[White "Sanal, Vahap"]
[Black "Mamedov, Rauf"]
[Result "0-1"]
[WhiteElo "2569"]
[BlackElo "2643"]
[PlyCount "88"]
[EventDate "2020.02.19"]
[EventType "swiss"]
[EventRounds "9"]
[EventCountry "RUS"]
[SourceTitle "CBM 195"]
[Source "ChessBase"]
[SourceDate "2020.04.30"]
[SourceVersion "1"]
[SourceVersionDate "2020.04.30"]
[SourceQuality "1"]

1. Nf3 Nf6 2. g3 g6 3. b3 Bg7 4. Bb2 b6 5. Bg2 Bb7 6. c4 c5 7. O-O O-O 8. Nc3
d6 9. d4 cxd4 10. Qxd4 Nbd7 11. Qd2 Nc5 12. Rfd1 Rc8 13. Qe1 Re8 14. Rac1 a6
15. Ba1 e5 16. Nh4 e4 17. Bh3 e3 18. Bxc8 exf2+ 19. Qxf2 Qxc8 20. Nd5 Bxd5 21.
Bxf6 Ne4 22. Qxb6 Bxf6 23. cxd5 Nc3 24. Kh1 Rxe2 25. Re1 Qg4 26. Rxe2 Nxe2 27.
Rc4 Bd4 28. Rxd4 Nxd4 29. Qxd6 Qe4+ 30. Kg1 Qe3+ 31. Kf1 g5 32. Qh6 Qe2+ 33.
Kg1 Qe1+ 34. Kg2 Qe4+ 35. Kf2 Qxd5 36. Qh5 Qa5 37. Ng2 Qxa2+ 38. Ke3 Ne6 39.
Qe2 Qxb3+ 40. Kf2 a5 41. Ne3 a4 42. Nf5 a3 43. Qe4 Qb2+ 44. Kf3 h5 0-1

[Event "Moscow Aeroflot op-A"]
[Site "Moscow"]
[Date "2020.02.20"]
[Round "2"]
[White "Sargissian, Gabriel"]
[Black "Sandipan, Chanda"]
[Result "1/2-1/2"]
[WhiteElo "2689"]
[BlackElo "2552"]
[PlyCount "149"]
[EventDate "2020.02.19"]
[EventType "swiss"]
[EventRounds "9"]
[EventCountry "RUS"]
[SourceTitle "CBM 195"]
[Source "ChessBase"]
[SourceDate "2020.04.30"]
[SourceVersion "1"]
[SourceVersionDate "2020.04.30"]
[SourceQuality "1"]

1. d4 f5 2. c4 Nf6 3. Nf3 e6 4. g3 g6 5. Bg2 Bg7 6. O-O O-O 7. Nc3 d5 8. Bg5 c6
9. Qc1 Nbd7 10. Rd1 Qe8 11. Bh6 Bxh6 12. Qxh6 Qe7 13. Rac1 b6 14. Qe3 Ba6 15.
cxd5 cxd5 16. Ng5 Rae8 17. h4 Qd6 18. Bf3 Ne4 19. Kg2 Ndf6 20. Nh3 Ng4 21. Bxg4
fxg4 22. Nf4 Nxc3 23. Qxc3 e5 24. dxe5 Rxe5 25. e3 Qf6 26. Kg1 Be2 27. Rd2 Bf3
28. Kf1 g5 29. hxg5 Qxg5 30. Rd4 Qh6 31. Ke1 Qh2 32. Qd3 Qg1+ 33. Qf1 Rxe3+ 34.
Kd2 Qxf1 35. Rxf1 Re5 36. Rc1 Rfe8 37. Rd3 R8e7 38. Re3 Rxe3 39. fxe3 Kf7 40.
Rc8 Kf6 41. Rf8+ Ke5 42. Nd3+ Kd6 43. Nf4 Be4 44. Rg8 Rc7 45. Nd3 Bg6 46. Rd8+
Ke6 47. Nf4+ Ke7 48. Rxd5 Rc2+ 49. Ke1 Rxb2 50. Nxg6+ hxg6 51. a4 Rg2 52. Rd4
Rxg3 53. Kf2 Rf3+ 54. Ke2 Rf5 55. Rxg4 g5 56. Rd4 Ke6 57. Rd8 Ra5 58. Rd4 Rd5
59. Rc4 Kd6 60. Kf3 a6 61. Rc8 Kd7 62. Rg8 Kc6 63. e4 Rd3+ 64. Kg4 Rd4 65. Rg6+
Kc7 66. Rg7+ Kd6 67. Kf5 Rxa4 68. e5+ Kc6 69. Rxg5 b5 70. e6 Ra1 71. Rg8 Kd6
72. Rd8+ Ke7 73. Rd7+ Ke8 74. Rb7 Rf1+ 75. Ke4 1/2-1/2

[Event "Moscow Aeroflot op-A"]
[Site "Moscow"]
[Date "2020.02.20"]
[Round "2"]
[White "Sargsyan, Shant"]
[Black "Maghsoodloo, Parham"]
[Result "1-0"]
[WhiteElo "2594"]
[BlackElo "2674"]
[PlyCount "73"]
[EventDate "2020.02.19"]
[EventType "swiss"]
[EventRounds "9"]
[EventCountry "RUS"]
[SourceTitle "CBM 195"]
[Source "ChessBase"]
[SourceDate "2020.04.30"]
[SourceVersion "1"]
[SourceVersionDate "2020.04.30"]
[SourceQuality "1"]

1. Nf3 d5 2. d4 Nf6 3. c4 e6 4. Nc3 dxc4 5. e4 b5 6. e5 Nd5 7. Nxb5 Nb6 8. Be2
Nc6 9. O-O Be7 10. Be3 O-O 11. Nc3 Rb8 12. b3 cxb3 13. axb3 Bb7 14. Qb1 Ra8 15.
Qe4 Qd7 16. Rfd1 Nd5 17. Bd3 f5 18. exf6 Nxf6 19. Qh4 Nb4 20. Ne5 Qe8 21. Qh3
Nxd3 22. Qxe6+ Kh8 23. Rxd3 a5 24. Bg5 Bb4 25. Qxe8 Rfxe8 26. Rc1 Bxc3 27.
Rdxc3 Ne4 28. Rxc7 Bd5 29. Be7 Bxb3 30. f3 Nf6 31. Bxf6 gxf6 32. Nd7 Ra6 33.
Nc5 Rb6 34. Rb1 Re3 35. d5 f5 36. Rxb3 Rexb3 37. Nxb3 1-0